If not now, when? / (Record no. 1513)

000 -LEADER
fixed length control field 01463cam a2200385Ia 4500
003 - CONTROL NUMBER IDENTIFIER
control field OSt
005 - DATE AND TIME OF LATEST TRANSACTION
control field 20210628102841.0
008 - FIXED-LENGTH DATA ELEMENTS--GENERAL INFORMATION
fixed length control field 210628b ||||| |||| 00| 0 eng d
020 ## - INTERNATIONAL STANDARD BOOK NUMBER
Canceled/invalid ISBN 1410188932
020 ## - INTERNATIONAL STANDARD BOOK NUMBER
International Standard Book Number 0140188932
020 ## - INTERNATIONAL STANDARD BOOK NUMBER
International Standard Book Number 9780140188936
040 ## - CATALOGING SOURCE
Transcribing agency ALUPE UNIVERSITY
050 #4 - LIBRARY OF CONGRESS CALL NUMBER
Classification number PQ4872
Item number .E8 S413 1995
100 1# - MAIN ENTRY--PERSONAL NAME
Personal name Levi, Primo.
245 10 - TITLE STATEMENT
Title If not now, when? /
Statement of responsibility, etc. Primo Levi ; translated from the Italian by William Weaver ; introduction by Irving Howe.
260 ## - PUBLICATION, DISTRIBUTION, ETC.
Place of publication, distribution, etc. New York, N.Y., U.S.A. :
Name of publisher, distributor, etc. Penguin Books,
Date of publication, distribution, etc. 1995, ©1985.
300 ## - PHYSICAL DESCRIPTION
Extent 349 pages ;
Dimensions 20 cm.
500 ## - GENERAL NOTE
General note Translation of: Se non ora, quando?
504 ## - BIBLIOGRAPHY, ETC. NOTE
Bibliography, etc. note Includes bibliographical references (pages 348-349).
650 #0 - SUBJECT ADDED ENTRY--TOPICAL TERM
Topical term or geographic name entry element World War, 1939-1945
Form subdivision Fiction.
650 #0 - SUBJECT ADDED ENTRY--TOPICAL TERM
Topical term or geographic name entry element Jews
Geographic subdivision Italy
General subdivision History
Chronological subdivision 20th century
Form subdivision Fiction.
650 #2 - SUBJECT ADDED ENTRY--TOPICAL TERM
Topical term or geographic name entry element World War II
Form subdivision Fictional Works.
650 #2 - SUBJECT ADDED ENTRY--TOPICAL TERM
Topical term or geographic name entry element Jews
Form subdivision Fictional Works.
655 #7 - INDEX TERM--GENRE/FORM
Authority record control number or standard number (OCoLC)fst01423787
655 #7 - INDEX TERM--GENRE/FORM
Authority record control number or standard number (OCoLC)fst01411628
942 ## - ADDED ENTRY ELEMENTS (KOHA)
Source of classification or shelving scheme
Koha item type Book
Suppress in OPAC MM
Holdings
Withdrawn status Lost status Source of classification or shelving scheme Damaged status Not for loan Permanent Location Current Location Shelving location Date acquired Total Checkouts Full call number Barcode Date last seen Date last checked out Price effective from Koha item type Public note
          AU LIBRARY AU LIBRARY Open Shelf 28.06.2021 1 PQ4872 .E8 S413 1985 28002393 21.02.2024 07.02.2024 28.06.2021 Book MM

Powered by Koha